000 00215 a2200097 4500
001 29400
100 _aLitt
245 _aThermal stress and thermal fatigue
260 _a
_bButter worth's
_c
090 _c19613
_d19613
942 _aNUST-CAE
_cM
_c10684
999 _c264473
_d264473